000 00374nam a2200157Ia 4500
008 230524s9999 xx 000 0 und d
082 _a624.171
_bBHA
100 _aS.S.Bhavikatti
245 0 _aStructural Analysis Vol.I
250 _a2ND
260 _aNEW DELHI
_bVikas
_c2005
300 _aXI;386
500 _aQuantity Number: 63
650 _aMechanics
942 _cBK
999 _c24190
_d24190